| 000 | 01465njm a2200301Ia 4500 | ||
|---|---|---|---|
| 001 | 20842 | ||
| 003 | IT-RoPAU | ||
| 005 | 20220918181112.0 | ||
| 008 | 131025s9999 xx 000 0 und d | ||
| 040 | _aIT-RoPAU | ||
| 040 | _cIT-RoPAU | ||
| 041 | _aITALIANO | ||
| 999 |
_c99076 _d99076 |
||
| 999 | _bn.d. | ||
| 100 |
_aAA.VV. _9794 |
||
| 100 |
_eAutore musica _94003 |
||
| 100 |
_gCodice autore musica SPICS: 12000 _9796 |
||
| 245 | _aItalia vol. 3 (Lp Vpa 8126) | ||
| 250 | _a1a ed. | ||
| 260 | _aMILANO | ||
| 260 |
_bVEDETTE RECORDS _c1971 [1a Ed.:1971 - Ed. Lingua Orig.: 1971] |
||
| 300 | _aDISCO | ||
| 300 | _c48 minuti (Testo: 12 pag.) | ||
| 500 | _aCanto lirico e satirico. Polivocalità. Documenti originali del folklore musicale europeo | ||
| 505 | _aCanto a Vatoccu (Umbria) - Canto a la Longa (Jougoslavia) - L'usignolo trallallero (Liguria) - Lingua serpentina (Liguria) - O mamma mia Marideme (Emilia) - Bei stornelli (Toscana) - Tasgia (Sardegna) - Villotta [(El me murus sl sta de la del Seri) (Lombardia)] - E' qui il martello (Lombardia) - Serenata (Puglia) - Corona d'oro (Calabria) - Stornelli (Abruzzo) - Canzune (Sicilia) - Stornelli (Toscana) - Stranot (Piemonte) - Muttos; bellezza cardellina, sa pizzu de sa reina (Sardegna) - Antoni Giacuantoni (Comunità Provenzale-Piemonte) - Maritza (Friuli) | ||
| 650 |
_aFOLK [DISCHI] _eCodice MATERIA SPICS: 9950 _91209 |
||
| 700 |
_aLeydi Roberto _eAutore _gCodice autore SPICS: 4644 _94004 |
||
| 942 |
_cMD _2ddc |
||